| 000 | 00895nam a22002897a 4500 | ||
|---|---|---|---|
| 001 | 200427937 | ||
| 003 | TR-AnTOB | ||
| 005 | 20240730093411.0 | ||
| 008 | 171121b xxu||||| |||| 00| 0 tur d | ||
| 020 | _a9786056586378 (TK) | ||
| 020 | _a976056586384(1.C) | ||
| 020 | _a9786056586392 (2.C) | ||
| 020 | _a9786052334003 (3.C) | ||
| 040 |
_aTR-AnTOB _beng _cTR-AnTOB _drda |
||
| 041 | 1 |
_atur _hkir |
|
| 050 |
_aPL44.9.M373 _bM3 2017 |
||
| 090 |
_aPL44.9.M373 _bM3 2017 |
||
| 245 |
_aManas Destanı : _bSagımbay Orozbak Uulu Varyanti / _cçeviren Sagımbay Orozbak Uulu. |
||
| 264 | 1 |
_aZeytinburnu, İstanbul : _bTürk Dünyası Belediyeler Birliği, _c2017. |
|
| 300 |
_a3.cilt _bres. ; _c27 cm |
||
| 336 |
_2 rdacontent _atext _btxt |
||
| 337 |
_2 rdamedia _aunmediated _bn |
||
| 338 |
_2 rdacarrier _avolume _bnc |
||
| 630 | 0 | 0 |
_aManas _98311 |
| 942 |
_2lcc _cBK |
||
| 999 |
_c200427937 _d45861 |
||